L'action de la Fance Dans le domaine de la formation des resources humaines

Gespeichert in:
Bibliographische Detailangaben
Körperschaft: Ambassade de France en Républice Socialialiste du Vietnam
Format: Buch
Sprache:Undetermined
Veröffentlicht: Hà Nội Ambassade de France en Républice Socialialiste du Vietnam 2003
Schlagworte:
Tags: Tag hinzufügen
Keine Tags, Fügen Sie den ersten Tag hinzu!
Thư viện lưu trữ: Trung tâm Học liệu Trường Đại học Cần Thơ
LEADER 00685nam a2200193Ia 4500
001 CTU_122108
008 210402s9999 xx 000 0 und d
082 |a 658.31245 
082 |b A188 
110 |a Ambassade de France en Républice Socialialiste du Vietnam 
245 0 |a L'action de la Fance Dans le domaine de la formation des resources humaines 
245 0 |c Ambassade de France en Républice Socialialiste du Vietnam 
260 |a Hà Nội 
260 |b Ambassade de France en Républice Socialialiste du Vietnam 
260 |c 2003 
650 |a pesonel management 
650 |x training 
904 |i Thủy 
980 |a Trung tâm Học liệu Trường Đại học Cần Thơ